Quiz Cultura Generale - Quiz n°24 - Statistics

Statistiche generali
  • Questo quiz è stato fatto 212 volte
  • Il punteggio medio è 7 su 15
Statistiche sulle risposte
Domanda Risposta % Corretto
Quanti multipli di 12 sono compresi tra 38 e 82? 3
87%
Qual è la nazionalità del pittore Salvador Dalì? Spagnola
80%
Quale boss malavitoso è stato arrestato il 16 gennaio 2023? Matteo Messina Denaro
73%
Chi era la donna amata da Francesco Petrarca? Laura
69%
Da quale nazione dipende l'amministrazione dell'isola di Martinica? Francia
68%
Quale branca della medicina studia le disfunzioni dell'apparato riproduttore maschile e dell'apparato urogenitale? Andrologia
45%
In quale stato europeo si trova la regione chiamata Boemia? Repubblica Ceca
41%
Quale regno giunse al massimo splendore sotto Alessandro Magno? Impero macedone
40%
Quanti minuti impiega a percorrere 200 km un'automobile che viaggia a 80km/h? 150 minuti
37%
Quale ossa insieme al radio costituisce lo scheletro dell'avambraccio? Ulna
37%
Chi è l'attore che interpreta Joker nell'omonimo film del 2019? Joaquin Phoenix
35%
Come è detto un uovo cotto in modo tale che l'albume solidifichi mentre il tuorlo rimanga liquido? Uovo alla coque
24%
Chi era la madre dell'eroe omerico Achille? Teti
19%
Come è definito un numero esprimibile come rapporto di due numeri interi (con denominatore diverso da 0)? Numero razionale
17%
Qual è stato l'acquisto più costoso della storia del Milan? Leonardo Bonucci
10%
Nessun quiz corrispondente trovato
Distribuzione punteggi
Percentuale di utenti per punteggio
Percentile per numero di risposta
I tuoi punteggi nel tempo
Non hai fatto questo quiz